[Event "Gornozavodsk op"]
[Site "Gornozavodsk"]
[Date "2010.11.08"]
[Round "9"]
[White "Ivanov, Nikolay A"]
[Black "Soskin, Ivan"]
[Result "0-1"]
[WhiteElo "1978"]
[BlackElo "2138"]
[PlyCount "72"]
[EventDate "2010.11.01"]
[EventType "swiss"]
[EventRounds "10"]
[EventCountry "RUS"]
[SourceTitle "EXT 2012"]
[Source "ChessBase"]
[SourceDate "2011.11.24"]
[SourceVersion "1"]
[SourceVersionDate "2011.11.24"]
[SourceQuality "1"]

1. Nf3 d5 2. c4 c6 3. cxd5 cxd5 4. d4 e6 5. Nc3 Nc6 6. Bf4 Bd7 7. e3 a6 8. Bd3 Nf6 9. 0-0 Be7 10. h3 0-0 11. Qd2 Nb4 12. Bb1 Rc8 13. Rd1 b5 14. a3 Nc6 15. e4 dxe4 16. Ne5 Nxe5 17. dxe5 Nd5 18. Bxe4 Nxf4 19. Qxd7 Qxd7 20. Rxd7 Bg5 21. g3 Ng6 22. f4 Rfd8 23. Rxd8+ Bxd8 24. Rd1 Be7 25. Kf2 Bxa3 26. Bb7 Rc7 27. Bxa6 b4 28. Nb5 Rc2+ 29. Ke3 Bxb2 30. Rd8+ Nf8 31. Nd6 Rh2 32. h4 Bc1+ 33. Kd3 b3 34. Kc3 b2 35. Bd3 Rd2 36. Ne4 Rxd3+ 0-1

[Event "Gornozavodsk op"]
[Site "Gornozavodsk"]
[Date "2010.11.01"]
[Round "1"]
[White "Soskin, Ivan"]
[Black "Voytuyk, Valery"]
[Result "1-0"]
[WhiteElo "2138"]
[BlackElo "1847"]
[PlyCount "63"]
[EventDate "2010.11.01"]
[EventType "swiss"]
[EventRounds "10"]
[EventCountry "RUS"]
[SourceTitle "EXT 2012"]
[Source "ChessBase"]
[SourceDate "2011.11.24"]
[SourceVersion "1"]
[SourceVersionDate "2011.11.24"]
[SourceQuality "1"]

1. d4 d5 2. e4 dxe4 3. Nc3 Nf6 4. Bg5 Bg4 5. Be2 Nc6 6. Bxg4 Nxg4 7. Qxg4 Nxd4 8. 0-0-0 f5 9. Qg3 Qd7 10. Be3 c5 11. Qe5 Qd6 12. Bxd4 cxd4 13. Qxf5 Qh6+ 14. Kb1 dxc3 15. Qd7+ Kf7 16. Qxb7 Re8 17. Qxe4 cxb2 18. Nf3 e6 19. Ne5+ Kg8 20. Rd7 Re7 21. Rxe7 Bxe7 22. Qa8+ Bf8 23. Qxa7 Qf4 24. Re1 h5 25. Ng6 Qb4 26. Qe3 Bc5 27. Qxe6+ Kh7 28. Nxh8 Kxh8 29. Qe8+ Kh7 30. Qxh5+ Kg8 31. Qd5+ Kh8 32. Re4 1-0

[Event "Gornozavodsk Europe-Asia op"]
[Site "Gornozavodsk"]
[Date "2009.11.09"]
[Round "?"]
[White "Kotchnev, Andrey"]
[Black "Soskin, Ivan"]
[Result "1-0"]
[WhiteElo "2076"]
[BlackElo "2186"]
[PlyCount "73"]
[EventDate "2009.11.07"]
[EventType "swiss"]
[EventRounds "11"]
[EventCountry "RUS"]
[SourceTitle "EXT 2012"]
[Source "ChessBase"]
[SourceDate "2011.11.24"]
[SourceVersion "1"]
[SourceVersionDate "2011.11.24"]
[SourceQuality "1"]

1. Nf3 d5 2. b3 Nf6 3. Bb2 Bg4 4. e3 c5 5. Bb5+ Nc6 6. h3 Bd7 7. 0-0 e6 8. c4 b6 9. cxd5 exd5 10. d4 a6 11. Be2 Be7 12. Nc3 Be6 13. Ne5 Qd6 14. Nxc6 Qxc6 15. Bf3 Rd8 16. Rc1 Ne4 17. Qd3 Ng5 18. Be2 c4 19. bxc4 dxc4 20. Qc2 Nxh3+ 21. gxh3 Bxh3 22. Qe4 Qxe4 23. Nxe4 Bxf1 24. Bxf1 b5 25. Nc5 Ra8 26. Bg2 Ra7 27. Bc6+ Kd8 28. Bc3 Kc7 29. Bd5 Rf8 30. Ba5+ Kd6 31. Bf3 Rb8 32. e4 Bd8 33. Bd2 Ke7 34. e5 Rc8 35. Ne4 Bb6 36. d5 Bd4 37. Nd6 1-0

[Event "Europe-Asia op"]
[Site "Perm"]
[Date "2008.11.??"]
[Round "10"]
[White "Nechaev, Alexey"]
[Black "Soskin, Ivan"]
[Result "1/2-1/2"]
[WhiteElo "2187"]
[BlackElo "2151"]
[PlyCount "38"]
[EventDate "2008.11.10"]
[EventType "swiss"]
[EventRounds "11"]
[EventCountry "RUS"]
[SourceTitle "EXT 2022"]
[Source "ChessBase"]
[SourceDate "2021.10.06"]
[SourceVersion "1"]
[SourceVersionDate "2021.10.06"]
[SourceQuality "1"]

1. d4 e6 2. Nf3 d5 3. e3 Nf6 4. Be2 c5 5. dxc5 Bxc5 6. Nc3 0-0 7. a3 a6 8. b4 Bd6 9. Bb2 Nc6 10. 0-0 Qc7 11. b5 Ne5 12. h3 Nxf3+ 13. Bxf3 Be5 14. Qe1 Bd7 15. Be2 Rfc8 16. b6 Qxb6 17. Nxd5 Nxd5 18. Bxe5 Rxc2 19. Rb1 Qc6 1/2-1/2

[Event "Gornozavodsk op"]
[Site "Gornozavodsk"]
[Date "2007.11.??"]
[Round "11"]
[White "Kotchnev, Andrey"]
[Black "Soskin, Ivan"]
[Result "1-0"]
[WhiteElo "2147"]
[BlackElo "2153"]
[PlyCount "65"]
[EventDate "2007.11.??"]
[EventType "swiss"]
[EventRounds "11"]
[EventCountry "RUS"]
[SourceTitle "CBM 121 Extra"]
[Source "ChessBase"]
[SourceDate "2008.01.10"]
[SourceVersion "1"]
[SourceVersionDate "2008.01.10"]
[SourceQuality "1"]

1. d4 d6 2. c4 Nf6 3. Nc3 g6 4. e4 Bg7 5. Nf3 0-0 6. h3 Nbd7 7. Bg5 h6 8. Be3 e5 9. d5 Kh7 10. g4 Ng8 11. Nd2 Nb6 12. h4 Bd7 13. h5 g5 14. b4 c6 15. c5 cxd5 16. exd5 Nc8 17. Nde4 f5 18. gxf5 Bxf5 19. Bd3 Kh8 20. Rc1 dxc5 21. Nxc5 Nd6 22. Bxf5 Nxf5 23. Ne6 Nxe3 24. fxe3 Qb6 25. Qd3 Rf3 26. Ke2 g4 27. d6 Bf6 28. Ne4 Bd8 29. Rhg1 Qxb4 30. Rxg4 Rf7 31. Nc7 Rc8 32. Rb1 Qa5 33. Qb3 1-0

[Event "Gornozavodsk op"]
[Site "Gornozavodsk"]
[Date "2007.11.??"]
[Round "7"]
[White "Letov, Alexander"]
[Black "Soskin, Ivan"]
[Result "1-0"]
[WhiteElo "2337"]
[BlackElo "2153"]
[PlyCount "97"]
[EventDate "2007.11.??"]
[EventType "swiss"]
[EventRounds "11"]
[EventCountry "RUS"]
[SourceTitle "CBM 121 Extra"]
[Source "ChessBase"]
[SourceDate "2008.01.10"]
[SourceVersion "1"]
[SourceVersionDate "2008.01.10"]
[SourceQuality "1"]

1. d4 d5 2. Bf4 e6 3. Nf3 Nf6 4. e3 Bd6 5. Bg5 Be7 6. Nbd2 h6 7. Bh4 a6 8. Bd3 Nc6 9. c3 0-0 10. 0-0 Nd7 11. Bg3 f5 12. h3 Bd6 13. Qc2 Nf6 14. Bh4 Be7 15. Ne5 Ne4 16. Nxc6 bxc6 17. Bxe7 Qxe7 18. Nf3 Bd7 19. Ne5 Be8 20. c4 Ng5 21. h4 Ne4 22. g3 Rf6 23. Kh2 g5 24. f3 Nd6 25. Rg1 Nf7 26. g4 Nxe5 27. dxe5 Rf8 28. f4 Kh8 29. gxf5 exf5 30. Bxf5 dxc4 31. hxg5 Qf7 32. g6 Qg7 33. Rad1 Rb8 34. Be4 Rg8 35. Rd2 Qe7 36. Rg3 Kg7 37. Qxc4 Rb4 38. Qd3 Rb6 39. Qd4 c5 40. Qc3 h5 41. Rg5 Bxg6 42. e6+ Kh6 43. Bxg6 Rxe6 44. Rdg2 Rexg6 45. Rxg6+ Rxg6 46. Qh8+ Qh7 47. Rxg6+ Kxg6 48. Qxh7+ Kxh7 49. Kg3 1-0

[Event "Gornozavodsk op"]
[Site "Gornozavodsk"]
[Date "2007.11.??"]
[Round "5"]
[White "Rozhnev, Ivan"]
[Black "Soskin, Ivan"]
[Result "0-1"]
[WhiteElo "2131"]
[BlackElo "2153"]
[PlyCount "95"]
[EventDate "2007.11.??"]
[EventType "swiss"]
[EventRounds "11"]
[EventCountry "RUS"]
[SourceTitle "CBM 121 Extra"]
[Source "ChessBase"]
[SourceDate "2008.01.10"]
[SourceVersion "1"]
[SourceVersionDate "2008.01.10"]
[SourceQuality "1"]

1. e4 c5 2. c4 Nc6 3. g3 g6 4. Bg2 Bg7 5. Nc3 d6 6. d3 Nf6 7. Nge2 0-0 8. 0-0 Bd7 9. h3 e6 10. f4 Rb8 11. g4 Ne7 12. Ng3 Ne8 13. Nce2 f5 14. Rb1 b5 15. b3 Nf6 16. exf5 exf5 17. g5 Ne8 18. h4 Bc6 19. h5 Bxg2 20. Kxg2 d5 21. h6 Bh8 22. cxb5 Rxb5 23. d4 Qc7 24. dxc5 Qxc5 25. Bb2 Bxb2 26. Rxb2 Nc6 27. Rc2 Qd6 28. Nd4 Nxd4 29. Qxd4 Rb7 30. Rd1 Rd7 31. Rcd2 Qe6 32. Ne2 Nc7 33. Rc1 Nb5 34. Qe5 Qxe5 35. fxe5 Re8 36. Nf4 Rxe5 37. Rcd1 d4 38. a4 Nc3 39. Rc1 Re4 40. Kg3 Rc7 41. Rf1 Re3+ 42. Kh2 Ne4 43. Rxd4 Rc2+ 44. Kh1 Ng3+ 45. Kg1 Nxf1 46. Kxf1 Rxb3 47. Ne6 Kf7 48. Rd6 0-1